LEADER 00721nam0-22002891i-450- 001 990003043570403321 035 $a000304357 035 $aFED01000304357 035 $a(Aleph)000304357FED01 035 $a000304357 100 $a20000920d1965----km-y0itay50------ba 101 0 $aFRE 102 $aIT 200 1 $aDe l'état socialiste$fJean Dru. 210 $aParis$cRené Julliard$d1965 610 0 $aSocialismo sovietico$aStoria 676 $aD/4 676 $aF/1.7 702 1$aDru,$bJean 801 0$aIT$bUNINA$gRICA$2UNIMARC 901 $aBK 912 $a990003043570403321 952 $aF/1.7 DRU$b035851$fSES 959 $aSES 996 $aDe l'état socialiste$9463289 997 $aUNINA DB $aING01 LEADER 00909nam0-22003131i-450- 001 990002010880403321 005 20040615120857.0 035 $a000201088 035 $aFED01000201088 035 $a(Aleph)000201088FED01 035 $a000201088 100 $a20030910d1966----km-y0itay50------ba 101 0 $aeng 102 $aGB 105 $ay---a---001yy 200 1 $aBasic arthropodan stock$ewith special reference to insects$fA.G. Sharov 210 $aOxford ; London$cPergamon Press$d1966 215 $a271 p.$d22 cm 225 1 $aInternational series of monographs in pure and applied biology$iZoology$v30 610 0 $aArtropodi 676 $a595.2 700 1$aSharov,$bA.G.$0360040 801 0$aIT$bUNINA$gRICA$2UNIMARC 901 $aBK 912 $a990002010880403321 952 $a61 III E.3/19$b2921$fDAGEN 959 $aDAGEN 996 $aBasic arthropodan stock$9402419 997 $aUNINA